[Event "Titled Tuesday 2020.08.18"]
[Site "chess.com INT"]
[Date "2020.08.18"]
[Round "6"]
[White "Rodrigue-Lemieux, Shawn"]
[Black "Budrewicz, Krzysztof"]
[Result "0-1"]
[WhiteElo "2276"]
[BlackElo "2227"]
[PlyCount "138"]
[EventDate "2020.08.18"]
[EventType "swiss (blitz)"]
[EventRounds "10"]
[EventCountry "NET"]
[Source "Mark Crowther"]
[SourceDate "2020.08.24"]

1. c4 Nf6 2. g3 g6 3. Bg2 Bg7 4. Nc3 O-O 5. e4 d6 6. Nge2 c5 7. O-O Nc6 8. d3
Ne8 9. Be3 Nc7 10. d4 cxd4 11. Nxd4 Bd7 12. Rc1 Nxd4 13. Bxd4 Bxd4 14. Qxd4 Ne6
15. Qd2 Rc8 16. b3 Qa5 17. Rcd1 Rfe8 18. Rfe1 Nc5 19. Qc2 Bg4 20. f3 Be6 21. e5
dxe5 22. Rxe5 Qb6 23. Kh1 Red8 24. Rxd8+ Rxd8 25. Nd5 Bxd5 26. cxd5 Qd6 27. f4
Rd7 28. h4 Rc7 29. Qe2 Kf8 30. h5 Nd7 31. Re3 Nf6 32. Qb2 gxh5 33. Re1 Qc5 34.
Qe5 h6 35. Qf5 Qc3 36. Rd1 Kg7 37. Qe5 Qc5 38. Bf3 Qf2 39. Qe2 Qxe2 40. Bxe2
Rc2 41. Bf3 Rxa2 42. Rd4 Rb2 43. Rb4 b6 44. Ra4 a5 45. Ra3 Kg6 46. b4 Rxb4 47.
Re3 a4 48. Rxe7 a3 49. Ra7 Rb3 50. Be2 b5 51. d6 Rb2 52. Bd3+ Kg7 53. Rxa3 b4
54. Ra1 Rd2 55. Bb5 Rxd6 56. Rb1 Rd4 57. Kg2 Nd5 58. Rb3 Nc3 59. Ba6 h4 60.
gxh4 Rxf4 61. Kg3 Rd4 62. Rb2 Ne4+ 63. Kf3 Nc5 64. Ke2 b3 65. Ke3 Rxh4 66. Be2
Re4+ 67. Kf3 Rb4 68. Kf2 Na4 69. Ke3 Nxb2 0-1

[Event "Titled Tuesday 2020.07.21"]
[Site "chess.com INT"]
[Date "2020.07.21"]
[Round "7"]
[White "Morefield, Jason"]
[Black "Rodrigue-Lemieux, Shawn"]
[Result "0-1"]
[WhiteElo "2227"]
[BlackElo "2276"]
[PlyCount "68"]
[EventDate "2020.07.21"]
[EventType "swiss"]
[EventRounds "10"]
[EventCountry "NET"]
[Source "ChessMix"]
[SourceDate "2020.08.01"]

1. d4 Nf6 2. c4 e6 3. Nc3 Bb4 4. e3 O-O 5. Nge2 Re8 6. a3 Bf8 7. Ng3 d5 8. Be2
a6 9. O-O dxc4 10. Bxc4 b5 11. Be2 Bb7 12. Bf3 Qc8 13. b4 Nbd7 14. Rb1 Nb6 15.
Nce4 Nxe4 16. Nxe4 Nc4 17. Nc5 Bxc5 18. bxc5 Bxf3 19. Qxf3 c6 20. Bb2 Nd2 21.
Qe2 Nxb1 22. Rxb1 Qd7 23. Qg4 f6 24. e4 Rad8 25. Bc3 e5 26. Qxd7 Rxd7 27. dxe5
fxe5 28. Kf1 Kf7 29. Ke2 Ke6 30. Ke3 Red8 31. Rc1 Rd1 32. Rc2 Rb1 33. g3 Rb3
34. f4 Rxa3 0-1

[Event "Titled Tuesday 2020.06.30"]
[Site "chess.com INT"]
[Date "2020.06.30"]
[Round "1"]
[White "Rodrigue-Lemieux, Shawn"]
[Black "Panda, Vedic"]
[Result "0-1"]
[WhiteElo "2275"]
[BlackElo "2069"]
[PlyCount "104"]
[EventDate "2020.06.30"]
[EventType "swiss (blitz)"]
[EventRounds "10"]
[EventCountry "NET"]
[Source "ChessMix"]
[SourceDate "2020.07.10"]

1. c4 Nf6 2. g3 e5 3. Bg2 Nc6 4. Nc3 Bc5 5. Nf3 a6 6. O-O d6 7. d3 h6 8. a3 O-O
9. b4 Ba7 10. Bb2 Be6 11. e3 Qd7 12. Re1 Rfe8 13. Rc1 Bh3 14. Qc2 Bxg2 15. Kxg2
d5 16. cxd5 Nxd5 17. Ne4 Rad8 18. Nc5 Bxc5 19. Qxc5 Qg4 20. Rc4 Qg6 21. Rd1 Nb6
22. Rcc1 Rxd3 23. a4 Nxa4 24. Qc2 Rxd1 25. Qxa4 Rxc1 26. Bxc1 Qe4 27. Qd1 Rd8
28. Qb3 Qxb4 29. Qa2 a5 30. Bd2 Qc5 31. Be1 b5 32. Qb1 b4 33. g4 a4 34. g5 hxg5
35. Nxg5 g6 36. Ne4 Qd5 37. Kg3 Qd3 38. Nf6+ Kg7 39. Qc1 Ne7 40. Ng4 Nf5+ 41.
Kg2 b3 42. Qxc7 Qd6 43. Qc1 a3 44. Bc3 Qc6+ 45. f3 f6 46. Nxe5 Qc5 47. Ng4 Rc8
48. Bxf6+ Kh7 49. Qe1 Qc2+ 50. Kh3 Qc1 51. Qf2 Rc2 52. Qg3 Qf1+ 0-1

[Event "Titled Tuesday 2020.06.30"]
[Site "chess.com INT"]
[Date "2020.06.30"]
[Round "4"]
[White "Wu, Brandon"]
[Black "Rodrigue-Lemieux, Shawn"]
[Result "0-1"]
[WhiteElo "2123"]
[BlackElo "2275"]
[PlyCount "46"]
[EventDate "2020.06.30"]
[EventType "swiss (blitz)"]
[EventRounds "10"]
[EventCountry "NET"]
[Source "ChessMix"]
[SourceDate "2020.07.10"]

1. Nf3 b6 2. c4 Bb7 3. g3 Nf6 4. Bg2 e6 5. O-O Be7 6. Nc3 O-O 7. Re1 d5 8. Ne5
Nbd7 9. d4 c6 10. Qc2 Rc8 11. Nxd7 Qxd7 12. cxd5 cxd5 13. Qd3 Ne8 14. e4 dxe4
15. Nxe4 Nd6 16. Nxd6 Bxd6 17. d5 exd5 18. Bxd5 Bxg3 19. Bxf7+ Qxf7 20. Qxg3
Qd5 21. f3 Rxf3 22. Qg4 Qc5+ 23. Be3 Rxe3 0-1

[Event "Titled Tuesday 2020.06.30"]
[Site "chess.com INT"]
[Date "2020.06.30"]
[Round "6"]
[White "Aravindh, Chithambaram VR"]
[Black "Rodrigue-Lemieux, Shawn"]
[Result "1-0"]
[WhiteElo "2641"]
[BlackElo "2275"]
[PlyCount "65"]
[EventDate "2020.06.30"]
[EventType "swiss (blitz)"]
[EventRounds "10"]
[EventCountry "NET"]
[Source "ChessMix"]
[SourceDate "2020.07.10"]

1. Nf3 Nf6 2. d4 e6 3. Bf4 c5 4. e3 b6 5. Nbd2 Bb7 6. Bd3 Nc6 7. c3 d5 8. O-O
Bd6 9. Bxd6 Qxd6 10. e4 dxe4 11. Nxe4 Nxe4 12. Bxe4 cxd4 13. Nxd4 O-O-O 14. Qf3
Na5 15. Bxb7+ Nxb7 16. Qxf7 Rd7 17. Qxe6 Qxe6 18. Nxe6 Re8 19. Nd4 Nc5 20. Rfe1
Red8 21. Re3 Na4 22. Rb1 Kb7 23. f4 Nc5 24. g3 a5 25. Kg2 a4 26. Kf3 a3 27. b3
Rc8 28. Rbe1 Rcc7 29. Nb5 Rc8 30. Re7 Rcd8 31. Nxa3 Ra8 32. Nc4 Rxa2 33. b4 1-0

[Event "Titled Tuesday 2020.06.30"]
[Site "chess.com INT"]
[Date "2020.06.30"]
[Round "7"]
[White "Rodrigue-Lemieux, Shawn"]
[Black "Khoroshev, Nikita"]
[Result "1/2-1/2"]
[WhiteElo "2275"]
[BlackElo "2366"]
[PlyCount "77"]
[EventDate "2020.06.30"]
[EventType "swiss (blitz)"]
[EventRounds "10"]
[EventCountry "NET"]
[Source "ChessMix"]
[SourceDate "2020.07.10"]

1. c4 Nf6 2. g3 d5 3. cxd5 Qxd5 4. Nf3 Nc6 5. Nc3 Qh5 6. h4 Bg4 7. Nh2 Bd7 8.
Bg2 O-O-O 9. d3 e5 10. Be3 Bb4 11. Rc1 Nd4 12. a3 Ba5 13. b4 Bb6 14. Nf3 Rhe8
15. Na4 Bxa4 16. Qxa4 Ng4 17. Bxd4 exd4 18. O-O Rxe2 19. Rce1 Rxe1 20. Rxe1 Qf5
21. Re8 c6 22. Rxd8+ Kxd8 23. Qb3 h6 24. a4 a6 25. a5 Ba7 26. Qc4 Qe6 27. Qc2
Nf6 28. Nd2 Qe1+ 29. Bf1 Ng4 30. Ne4 f5 31. Nd6 Kc7 32. Nxf5 g6 33. Qa2 gxf5
34. Qf7+ Kd6 35. Qxf5 Ne5 36. Qf8+ Kd7 37. Qg7+ Kc8 38. Qf8+ Kd7 39. Qg7+
1/2-1/2

[Event "Titled Tuesday 2020.06.16"]
[Site "chess.com INT"]
[Date "2020.06.16"]
[Round "1"]
[White "Patrascu, Catalin Lucian"]
[Black "Rodrigue-Lemieux, Shawn"]
[Result "0-1"]
[WhiteElo "2320"]
[BlackElo "2275"]
[PlyCount "102"]
[EventDate "2020.06.16"]
[EventType "swiss"]
[EventRounds "10"]
[EventCountry "NET"]
[Source "ChessMix"]
[SourceDate "2020.07.01"]

1. e4 c6 2. d4 d5 3. exd5 cxd5 4. Nf3 Nc6 5. Ne5 Nf6 6. Bb5 Bd7 7. Nxd7 Qxd7 8.
c3 e6 9. O-O Bd6 10. Nd2 O-O 11. Nf3 Qc7 12. Bd3 Bf4 13. Re1 Rab8 14. a4 a6 15.
Bxf4 Qxf4 16. Ne5 Nxe5 17. Rxe5 b5 18. axb5 axb5 19. g3 Qh6 20. Qe2 b4 21. c4
dxc4 22. Bxc4 Rfd8 23. Rd1 Rd6 24. d5 Rbd8 25. Kg2 exd5 26. Rdxd5 Rxd5 27. Bxd5
Qc1 28. Re7 Qc5 29. Bxf7+ Kf8 30. Rb7 Qc6+ 31. Qf3 Qxf3+ 32. Kxf3 Rd2 33. b3
Nd7 34. Be6 Nc5 35. Rf7+ Ke8 36. Bc4 Rd7 37. Rxd7 Kxd7 38. Ke3 Kd6 39. Kd4 g5
40. f4 gxf4 41. gxf4 Nd7 42. Bd3 h5 43. Kc4 Nc5 44. Be2 h4 45. Kxb4 Ne6 46. f5
Nd4 47. Bg4 Ke5 48. Kc4 Nc6 49. b4 Kd6 50. b5 Ne5+ 51. Kd4 Nxg4 0-1

[Event "Titled Tuesday 2020.06.16"]
[Site "chess.com INT"]
[Date "2020.06.16"]
[Round "2"]
[White "Rodrigue-Lemieux, Shawn"]
[Black "Gschnitzer, Adrian"]
[Result "1-0"]
[WhiteElo "2275"]
[BlackElo "2404"]
[PlyCount "103"]
[EventDate "2020.06.16"]
[EventType "swiss"]
[EventRounds "10"]
[EventCountry "NET"]
[Source "ChessMix"]
[SourceDate "2020.07.01"]

1. c4 Nf6 2. g3 c5 3. Bg2 d5 4. cxd5 Nxd5 5. Nc3 Nc7 6. Nf3 Nc6 7. O-O e5 8. d3
Be7 9. a3 Rb8 10. b4 cxb4 11. axb4 Bxb4 12. Bb2 O-O 13. Ne4 f6 14. Qc2 a5 15.
Rfc1 Ne6 16. e3 Kh8 17. d4 f5 18. Nc5 e4 19. Nh4 Bxc5 20. dxc5 Nb4 21. Qe2 Nd3
22. Rd1 Nexc5 23. Bd4 Nb3 24. Ra4 Nxd4 25. Rxd4 Qf6 26. Qa2 g5 27. R4xd3 exd3
28. Nf3 Be6 29. Qxa5 Rfd8 30. h4 gxh4 31. Nxh4 b6 32. Qb4 Rbc8 33. Nf3 Qc3 34.
Qxb6 Bd5 35. Nd4 Bxg2 36. Qf6+ Kg8 37. Qg5+ Kh8 38. Qf6+ Kg8 39. Kxg2 Qc7 40.
Nxf5 Qc6+ 41. Qxc6 Rxc6 42. Ne7+ Kf7 43. Nxc6 Rd6 44. Ne5+ Ke6 45. Nxd3 Rb6 46.
Nf4+ Kf5 47. Rd5+ Kf6 48. Rh5 Ra6 49. Rh6+ Kg5 50. Rxa6 h6 51. e4 h5 52. Rg6#
1-0

[Event "Titled Tuesday 2020.06.16"]
[Site "chess.com INT"]
[Date "2020.06.16"]
[Round "4"]
[White "Rodrigue-Lemieux, Shawn"]
[Black "Bortnyk, Olexandr"]
[Result "0-1"]
[WhiteElo "2275"]
[BlackElo "2598"]
[PlyCount "100"]
[EventDate "2020.06.16"]
[EventType "swiss"]
[EventRounds "10"]
[EventCountry "NET"]
[Source "ChessMix"]
[SourceDate "2020.07.01"]

1. c4 d6 2. g3 e5 3. Bg2 g6 4. Nc3 Bg7 5. e4 Nc6 6. Nge2 f5 7. d3 Nf6 8. O-O f4
9. gxf4 Nh5 10. f5 gxf5 11. Ng3 Nxg3 12. fxg3 O-O 13. Qh5 Nd4 14. Bg5 Qe8 15.
Qxe8 Rxe8 16. Nd5 Ne6 17. Rxf5 c6 18. Ne7+ Kh8 19. Nxc8 Raxc8 20. Be3 Nd4 21.
Rf2 b5 22. Raf1 bxc4 23. dxc4 Rc7 24. h4 a5 25. g4 h6 26. g5 hxg5 27. hxg5 Ne6
28. Rf7 Ree7 29. Rxe7 Rxe7 30. Kf2 Kg8 31. Ke2 Nf4+ 32. Bxf4 exf4 33. Rxf4 Bxb2
34. Kd3 Be5 35. Rf1 Rb7 36. Bh3 Rb2 37. Rh1 Rxa2 38. Be6+ Kg7 39. Bf5 Rh2 40.
Rb1 Rb2 41. Rh1 Rh2 42. Rb1 Bb2 43. c5 dxc5 44. Kc4 a4 45. Rd1 Bd4 46. e5 a3
47. e6 a2 48. e7 Re2 49. Rd2 a1=Q 50. Rxe2 Qc3# 0-1

[Event "Titled Tuesday 2020.06.16"]
[Site "chess.com INT"]
[Date "2020.06.16"]
[Round "5"]
[White "Rodrigue-Lemieux, Shawn"]
[Black "Kim, Sergey"]
[Result "1-0"]
[WhiteElo "2275"]
[BlackElo "2295"]
[PlyCount "69"]
[EventDate "2020.06.16"]
[EventType "swiss"]
[EventRounds "10"]
[EventCountry "NET"]
[Source "ChessMix"]
[SourceDate "2020.07.01"]

1. c4 e5 2. g3 Nc6 3. Nc3 g6 4. Bg2 Bg7 5. e4 Nge7 6. Nge2 O-O 7. O-O d6 8. d3
Be6 9. Nd5 Qd7 10. Be3 Nc8 11. f4 Nd8 12. f5 gxf5 13. exf5 Bxf5 14. Nxc7 Bxd3
15. Nxa8 Bxc4 16. Rc1 Bxe2 17. Qxe2 Nc6 18. Qh5 N8e7 19. b4 Rxa8 20. Qxf7+ Kh8
21. b5 Rf8 22. bxc6 bxc6 23. Qh5 d5 24. Rxf8+ Bxf8 25. Rf1 Bg7 26. Bh6 Ng6 27.
Bxg7+ Kxg7 28. Qg5 Qd6 29. h4 h6 30. Qf5 Qe7 31. h5 Nf8 32. Qg4+ Kh8 33. Qc8
Kg7 34. Qxc6 d4 35. Bd5 1-0

[Event "Titled Tuesday 2020.06.16"]
[Site "chess.com INT"]
[Date "2020.06.16"]
[Round "6"]
[White "Niemann, Hans Moke"]
[Black "Rodrigue-Lemieux, Shawn"]
[Result "1-0"]
[WhiteElo "2465"]
[BlackElo "2275"]
[PlyCount "77"]
[EventDate "2020.06.16"]
[EventType "swiss"]
[EventRounds "10"]
[EventCountry "NET"]
[Source "ChessMix"]
[SourceDate "2020.07.01"]

1. d4 Nf6 2. c4 e6 3. Nc3 Bb4 4. Bg5 h6 5. Bh4 d5 6. Qa4+ Nc6 7. e3 Bd7 8. Qc2
dxc4 9. Bxc4 Be7 10. Nf3 O-O 11. O-O Nd5 12. Bg3 Nb6 13. Be2 Bd6 14. Rfd1 Qe7
15. Ne4 Nd5 16. Rac1 Rac8 17. a3 Bxg3 18. hxg3 Rcd8 19. b4 f5 20. Nc5 Bc8 21.
Nd3 a6 22. Nfe5 Nxe5 23. Nxe5 Qg5 24. Bf3 c6 25. Bxd5 exd5 26. a4 h5 27. b5
cxb5 28. axb5 axb5 29. Qc5 Be6 30. Qxb5 Qf6 31. Qxb7 h4 32. gxh4 Qxh4 33. Ng6
Qg5 34. Nxf8 Rxf8 35. Qc7 f4 36. Qe5 Qg6 37. exf4 Rf5 38. Qe3 Qf6 39. Rc6 1-0

[Event "Titled Tuesday 2020.06.16"]
[Site "chess.com INT"]
[Date "2020.06.16"]
[Round "7"]
[White "Rodrigue-Lemieux, Shawn"]
[Black "Matamoros Franco, Carlos S"]
[Result "0-1"]
[WhiteElo "2275"]
[BlackElo "2495"]
[PlyCount "78"]
[EventDate "2020.06.16"]
[EventType "swiss"]
[EventRounds "10"]
[EventCountry "NET"]
[Source "ChessMix"]
[SourceDate "2020.07.01"]

1. c4 g6 2. g3 Bg7 3. Bg2 Nf6 4. Nc3 O-O 5. e4 c5 6. Nge2 Nc6 7. O-O d6 8. d3
Rb8 9. h3 Ne8 10. Be3 Nc7 11. d4 b6 12. b3 e5 13. dxc5 dxc5 14. Nd5 Nd4 15.
Nec3 f5 16. exf5 gxf5 17. Nxc7 Qxc7 18. Nd5 Qd8 19. Qh5 f4 20. Bxd4 Rf5 21. Qh4
Qxh4 22. gxh4 exd4 23. Ne7+ Kf7 24. Nxf5 Bxf5 25. Rfe1 d3 26. Rad1 Bc3 27. Rf1
Kf6 28. Kh2 d2 29. Rg1 Re8 30. Bf3 Re1 31. Rg8 Bc2 32. Rxd2 Bxd2 33. Rf8+ Ke5
34. Rd8 Bc3 35. Rd5+ Kf6 36. Rd7 Bd4 37. Kg2 Bd3 38. Rxa7 Bf1+ 39. Kh2 Bxf2 0-1

[Event "Titled Tuesday 2020.06.16"]
[Site "chess.com INT"]
[Date "2020.06.16"]
[Round "8"]
[White "Liyanage, Ranindu Dilshan"]
[Black "Rodrigue-Lemieux, Shawn"]
[Result "0-1"]
[WhiteElo "2181"]
[BlackElo "2275"]
[PlyCount "64"]
[EventDate "2020.06.16"]
[EventType "swiss"]
[EventRounds "10"]
[EventCountry "NET"]
[Source "ChessMix"]
[SourceDate "2020.07.01"]

1. e4 c6 2. d4 d5 3. e5 Bf5 4. Nd2 e6 5. Nb3 Nd7 6. Nf3 a6 7. Be2 c5 8. dxc5
Nxc5 9. Nfd4 Bg6 10. Nxc5 Bxc5 11. Be3 Bb6 12. c4 Ne7 13. Qa4+ Qd7 14. Qxd7+
Kxd7 15. Rd1 Ba5+ 16. Kf1 Rhc8 17. Nb3 Bc7 18. cxd5 Nxd5 19. Bf3 Bxe5 20. Bxd5
exd5 21. Rxd5+ Ke6 22. Rd2 Rc2 23. Nc5+ Ke7 24. Rd7+ Ke8 25. Rxb7 Rd8 26. g3
Rd1+ 27. Kg2 Rxh1 28. Kxh1 Rxc5 29. Ra7 Be4+ 30. Kg1 Rc6 31. f4 Bxb2 32. Bd2
Bd4+ 0-1

[Event "Titled Tuesday 2020.06.16"]
[Site "chess.com INT"]
[Date "2020.06.16"]
[Round "9"]
[White "Rodrigue-Lemieux, Shawn"]
[Black "Narva, Mai"]
[Result "1-0"]
[WhiteElo "2275"]
[BlackElo "2333"]
[PlyCount "90"]
[EventDate "2020.06.16"]
[EventType "swiss"]
[EventRounds "10"]
[EventCountry "NET"]
[Source "ChessMix"]
[SourceDate "2020.07.01"]

1. c4 Nf6 2. g3 g6 3. Bg2 Bg7 4. Nc3 O-O 5. e4 d6 6. Nge2 c5 7. O-O Nc6 8. d3
Bd7 9. h3 a6 10. a4 Rb8 11. Be3 Nb4 12. d4 Qa5 13. Kh2 Rfd8 14. d5 e6 15. f4
exd5 16. cxd5 Re8 17. e5 dxe5 18. fxe5 Rxe5 19. Bf4 Rbe8 20. Bxe5 Rxe5 21. Nf4
c4 22. d6 Qc5 23. Qd2 g5 24. Nfe2 Nd3 25. Rad1 Qxd6 26. Nc1 Bf5 27. Bxb7 Qb6
28. Bg2 h6 29. Nxd3 Bxd3 30. Rfe1 Nd7 31. Nd5 Qd6 32. Nb4 Nc5 33. Nxd3 cxd3 34.
b4 Nb3 35. Qf2 d2 36. Rf1 Re7 37. b5 axb5 38. axb5 Be5 39. b6 Bd4 40. Qf3 Qxb6
41. Rb1 Re1 42. Qxf7+ Kh8 43. Rbxe1 dxe1=Q 44. Rxe1 Bg7 45. Re8+ Kh7 1-0

[Event "Titled Tuesday 2020.06.16"]
[Site "chess.com INT"]
[Date "2020.06.16"]
[Round "10"]
[White "Kavyev, Ruslan"]
[Black "Rodrigue-Lemieux, Shawn"]
[Result "0-1"]
[WhiteElo "2327"]
[BlackElo "2275"]
[PlyCount "78"]
[EventDate "2020.06.16"]
[EventType "swiss"]
[EventRounds "10"]
[EventCountry "NET"]
[Source "ChessMix"]
[SourceDate "2020.07.01"]

1. d4 Nf6 2. c4 e6 3. g3 b6 4. Bg2 c6 5. Nf3 Bb7 6. O-O Be7 7. Nc3 d5 8. Ne5
O-O 9. Qc2 Nbd7 10. e4 Rc8 11. Rd1 dxc4 12. Nxc4 b5 13. Ne3 Qb6 14. b3 Rfd8 15.
Bb2 a6 16. Rac1 Bf8 17. Qe2 e5 18. d5 c5 19. h4 g6 20. Kh2 Bd6 21. Kg1 h5 22.
g4 hxg4 23. Nxg4 Kg7 24. Rd3 Nxg4 25. Qxg4 Nf6 26. Qg5 Rh8 27. Rh3 Rh5 28. Qg3
c4 29. Bf3 Rh6 30. Ne2 cxb3 31. axb3 a5 32. Rxc8 Bxc8 33. Bxe5 Bxe5 34. Qxe5
Bxh3 35. Nf4 Bc8 36. d6 Rxh4 37. Nd5 Qd8 38. Qg5 Rh8 39. e5 Nxd5 0-1

[Event "Titled Tuesday 2020.05.05"]
[Site "chess.com INT"]
[Date "2020.05.05"]
[Round "9"]
[White "Rodrigue-Lemieux, Shawn"]
[Black "Narayanan, SL."]
[Result "1-0"]
[WhiteElo "2275"]
[BlackElo "2618"]
[PlyCount "125"]
[EventDate "2020.05.05"]
[EventType "swiss (blitz)"]
[EventRounds "10"]
[EventCountry "NET"]
[Source "Mark Crowther"]
[SourceDate "2020.05.11"]

1. c4 e5 2. g3 c6 3. d4 e4 4. Nc3 d5 5. Bg2 h6 6. f3 f6 7. fxe4 dxc4 8. Nf3 Bb4
9. O-O Ne7 10. e5 O-O 11. exf6 Rxf6 12. e4 Bg4 13. a3 Ba5 14. Be3 Nd7 15. h3
Bh5 16. Qe2 b5 17. Rae1 a6 18. g4 Bg6 19. g5 hxg5 20. Bxg5 Re6 21. Qf2 Bb6 22.
Kh1 Nf8 23. Qh4 Nh7 24. d5 Nxg5 25. dxe6 Nxe6 26. Ne5 Bd4 27. Rd1 c5 28. Nxg6
Nxg6 29. Qg4 Qe8 30. Nd5 Rd8 31. Rf5 Bxb2 32. Rdf1 c3 33. Nf6+ gxf6 34. Rxf6
Nef8 35. Rxf8+ Qxf8 36. Rxf8+ Kxf8 37. Qxg6 Rd1+ 38. Kh2 c2 39. Qf5+ Ke7 40.
Qxc5+ Ke6 41. Qc6+ Ke7 42. Qc7+ Kf6 43. Qc6+ Kf7 44. Qc7+ Kg6 45. Qc6+ Kg5 46.
h4+ Kxh4 47. Qh6+ Kg4 48. Qg6+ Kh4 49. Qg3+ Kh5 50. Bf3+ Kh6 51. Qf4+ Kg7 52.
Qc7+ Kg6 53. Qxc2 Be5+ 54. Kg2 Rd6 55. Qc8 Kf6 56. Qf5+ Ke7 57. Qxe5+ Re6 58.
Qc7+ Kf6 59. e5+ Rxe5 60. Qd8+ Kf5 61. Qf8+ Kg5 62. Kg3 Rf5 63. Qg7# 1-0

[Event "Winter Chess Classic"]
[Site "Montreal CAN"]
[Date "2020.03.02"]
[Round "1"]
[White "Eckert, Doug"]
[Black "Rodrigue-Lemieux, Shawn"]
[Result "0-1"]
[WhiteElo "2139"]
[BlackElo "2276"]
[PlyCount "86"]
[EventDate "2020.03.02"]
[EventType "tourn"]
[EventRounds "9"]
[EventCountry "CAN"]
[WhiteTeam "USA"]
[BlackTeam "Kanada"]
[WhiteTeamCountry "USA"]
[BlackTeamCountry "CAN"]

1. Nf3 Nf6 2. c4 e6 3. g3 d5 4. Bg2 Be7 5. O-O O-O 6. b3 b6 7. Bb2 Bb7 8. e3
dxc4 9. bxc4 c5 10. Nc3 Nc6 11. Qe2 Rc8 12. Rfd1 Qc7 13. Rac1 Qb8 14. d3 Rfd8
15. Ne1 Ne8 16. f4 a6 17. Ba1 Qc7 18. Nf3 Ba8 19. Rb1 Rb8 20. a4 Nb4 21. Rd2
Bc6 22. Rf1 Nd6 23. Ne5 Bxg2 24. Qxg2 f6 25. Nf3 b5 26. axb5 axb5 27. Qh3 Qc8
28. cxb5 Nxb5 29. Nxb5 Rxb5 30. d4 c4 31. Rc1 Qa6 32. Qf1 Rc8 33. Ne1 Qa3 34.
Ng2 c3 35. Bxc3 Nd5 36. Bb2 Rxc1 37. Bxc1 Qc3 38. Rd3 Qa1 39. Rd1 Nc3 40. Re1
Qa2 41. Qf2 Qa4 42. Bb2 Nd1 43. Qd2 Nxb2 0-1

[Event "Winter Chess Classic"]
[Site "Montreal CAN"]
[Date "2020.03.03"]
[Round "2"]
[White "Rodrigue-Lemieux, Shawn"]
[Black "Vigorito, David"]
[Result "0-1"]
[WhiteElo "2276"]
[BlackElo "2357"]
[PlyCount "90"]
[EventDate "2020.03.02"]
[EventType "tourn"]
[EventRounds "9"]
[EventCountry "CAN"]
[WhiteTeam "Kanada"]
[BlackTeam "USA"]
[WhiteTeamCountry "CAN"]
[BlackTeamCountry "USA"]

1. c4 g6 2. Nc3 c5 3. g3 Bg7 4. Bg2 Nc6 5. e3 e5 6. Nge2 Nge7 7. O-O O-O 8. a3
d6 9. Nd5 Nxd5 10. cxd5 Ne7 11. e4 a5 12. d3 a4 13. Nc3 Bd7 14. b4 cxb4 15.
axb4 b5 16. Bb2 Rc8 17. Qd2 f5 18. Rac1 f4 19. f3 h5 20. Ne2 Qb6+ 21. Kh1 g5
22. d4 Ng6 23. dxe5 dxe5 24. d6 Be6 25. Nc3 Rfd8 26. Nd5 Qxd6 27. Rxc8 Bxc8 28.
Rd1 Kf7 29. Bf1 Qb8 30. Rc1 Bf8 31. Rc6 Be6 32. Qc2 Rc8 33. Rxc8 Bxc8 34. Qc6
Be6 35. Nc7 Bb3 36. Bxb5 Kg7 37. Ne8+ Kh6 38. Nf6 Qd6 39. Nd5 g4 40. gxf4 exf4
41. fxg4 hxg4 42. Bxa4 Bxd5 43. Qxd6 Bxe4+ 44. Kg1 Bxd6 45. Bd7 Kg5 0-1

[Event "Winter Chess Classic"]
[Site "Montreal CAN"]
[Date "2020.03.03"]
[Round "3"]
[White "Posthuma, Joshua"]
[Black "Rodrigue-Lemieux, Shawn"]
[Result "1/2-1/2"]
[WhiteElo "2355"]
[BlackElo "2276"]
[PlyCount "117"]
[EventDate "2020.03.02"]
[EventType "tourn"]
[EventRounds "9"]
[EventCountry "CAN"]
[WhiteTeam "USA"]
[BlackTeam "Kanada"]
[WhiteTeamCountry "USA"]
[BlackTeamCountry "CAN"]

1. d4 Nf6 2. c4 e6 3. g3 d5 4. Bg2 Be7 5. Nf3 O-O 6. O-O dxc4 7. Qc2 a6 8. a4
Bd7 9. Rd1 Bc6 10. Nc3 a5 11. e4 Na6 12. Ne5 Qe8 13. Nxc4 Nb4 14. Qe2 b5 15.
Ne5 bxa4 16. Nxc6 Qxc6 17. Rxa4 Qb6 18. Be3 Rfd8 19. Rda1 c5 20. e5 Nfd5 21.
dxc5 Bxc5 22. Bxc5 Qxc5 23. Ne4 Qc2 24. Qh5 Nd3 25. Ng5 Qxf2+ 26. Kh1 h6 27.
Rf1 Qa7 28. Nxf7 Ne3 29. Nxd8 Rxd8 30. Rf3 Ne1 31. Rxe3 Qxe3 32. Rf4 Nd3 33.
Qf7+ Kh8 34. Qe7 Rc8 35. Rf8+ Kh7 36. h4 Rxf8 37. Qxf8 Nxe5 38. Kh2 Ng4+ 39.
Kh3 Nf6 40. Qa8 Qe5 41. Qb7 Qf5+ 42. Kh2 Ng4+ 43. Kh3 Nf2+ 44. Kh2 Ng4+ 45. Kh3
Ne3+ 46. Kh2 Qf2 47. Qe4+ Kh8 48. Qa8+ Kh7 49. Qe4+ g6 50. Qb7+ Kg8 51. Qc8+
Kf7 52. Qd7+ Kf6 53. Qd8+ Kg7 54. Qd7+ Kf8 55. Qd8+ Kg7 56. Qd7+ Kf6 57. Qd8+
Kf7 58. Qd7+ Kf6 59. Qd8+ 1/2-1/2

[Event "Winter Chess Classic"]
[Site "Montreal CAN"]
[Date "2020.03.04"]
[Round "4"]
[White "Rodrigue-Lemieux, Shawn"]
[Black "Liang, Jason"]
[Result "0-1"]
[WhiteElo "2276"]
[BlackElo "2288"]
[PlyCount "56"]
[EventDate "2020.03.02"]
[EventType "tourn"]
[EventRounds "9"]
[EventCountry "CAN"]
[WhiteTeam "Kanada"]
[BlackTeam "USA"]
[WhiteTeamCountry "CAN"]
[BlackTeamCountry "USA"]

1. c4 e6 2. Nc3 d5 3. cxd5 exd5 4. d4 c6 5. Qc2 Bd6 6. a3 h6 7. Nf3 Bg4 8. Ne5
Bxe5 9. dxe5 Ne7 10. g3 Bf5 11. e4 dxe4 12. Nxe4 O-O 13. Bg2 Nd7 14. f4 Qb6 15.
Qf2 f6 16. Be3 Qb3 17. exf6 Nd5 18. Bd4 Rfe8 19. f7+ Kxf7 20. Be5 Ne3 21. Nd6+
Kg8 22. Nxf5 Nxe5 23. fxe5 Nc2+ 24. Kf1 Nxa1 25. Bf3 Rxe5 26. Nd4 Qc4+ 27. Kg2
Nb3 28. Rd1 Rf8 0-1

[Event "Winter Chess Classic"]
[Site "Montreal CAN"]
[Date "2020.03.04"]
[Round "5"]
[White "Ragnarsson, Dagur"]
[Black "Rodrigue-Lemieux, Shawn"]
[Result "1-0"]
[WhiteElo "2400"]
[BlackElo "2276"]
[PlyCount "165"]
[EventDate "2020.03.02"]
[EventType "tourn"]
[EventRounds "9"]
[EventCountry "CAN"]
[WhiteTeam "Island"]
[BlackTeam "Kanada"]
[WhiteTeamCountry "ISL"]
[BlackTeamCountry "CAN"]

1. d4 Nf6 2. c4 e6 3. Nf3 d5 4. Nc3 Bb4 5. Qa4+ Nc6 6. Bg5 h6 7. Bxf6 Qxf6 8.
e3 O-O 9. Be2 a6 10. Qb3 dxc4 11. Qxc4 Bd6 12. O-O e5 13. d5 Nb8 14. Ne4 Qe7
15. Nxd6 cxd6 16. Rac1 Bf5 17. Qc7 Nd7 18. Nd2 Rfc8 19. Qxc8+ Rxc8 20. Rxc8+
Kh7 21. e4 Bg6 22. Rc3 Nc5 23. Re3 Qd8 24. a3 b5 25. b4 Nd7 26. Rc1 Nf6 27. Rc6
a5 28. f3 axb4 29. axb4 Nxd5 30. exd5 Qh4 31. Nf1 f5 32. g4 f4 33. Ra3 Qe1 34.
Bd3 e4 35. Bxe4 Bxe4 36. fxe4 Qxe4 37. Rcc3 Qxb4 38. Rd3 Qc5+ 39. Kg2 Qc2+ 40.
Nd2 b4 41. Rab3 h5 42. gxh5 Kh6 43. Kf3 Kg5 44. Ne4+ Kf5 45. Nxd6+ Ke5 46. Nf7+
Kf5 47. Nd6+ Ke5 48. Ne4 Qxh2 49. Nf2 Qxh5+ 50. Kg2 Qg6+ 51. Kf1 Qd6 52. Rb1 g5
53. Re1+ Kf5 54. Re6 Qd7 55. Rb6 g4 56. Rxb4 g3 57. Nh3 Ke5 58. Nxf4 Qg4 59.
Kg2 Qc8 60. Kxg3 Qc1 61. Rbd4 Kd6 62. Kf2 Qh1 63. Ne2 Qh2+ 64. Ke3 Qh6+ 65. Kf2
Qh2+ 66. Ke1 Qh1+ 67. Kd2 Qh6+ 68. Kc3 Qh1 69. Kb2 Qh2 70. Rd2 Qh8 71. Nc3 Qb8+
72. Ka3 Qa7+ 73. Kb3 Qb6+ 74. Rb4 Qe3 75. Re2 Qh3 76. Re6+ Kc7 77. Rc6+ Kd8 78.
Rb8+ Kd7 79. Rb7+ Kd8 80. Ra6 Qc8 81. Raa7 Ke8 82. Rh7 Qb8+ 83. Kc2 1-0